00479nam a2200133 a 4500008004100000050001300041110004800054245016000102250001200262260002400274300001900298350000900317650001900326100211s1985 ||||||||||||||||| || u aUNDP(02) aUnited Nations Development Programme (UNDP)10aGeneral business guide for potential suppliers of goods and services to the United Nations system.(5th ed.)cby United Nations Development Programme (UNDP) a5th ed. aGeneva:bUNDPc1985 aii, 75p.: ill. a0.00 aUNITED NATIONS